| 000 | 00415nam a22001457a 4500 | ||
|---|---|---|---|
| 999 |
_c527257 _d527257 |
||
| 020 | _a9789332545097 | ||
| 082 |
_a145774 _bMEH |
||
| 100 | _aMehta, Madan | ||
| 245 |
_aBuilding Construction Principles, Materials, Systems / _cMadan Mehta |
||
| 260 |
_aIndia : _bPearson Education, _c2017. |
||
| 300 | _a952 p. ; | ||
| 942 |
_2ddc _cBK |
||